LEADER 01218nam a2200313 i 4500 001 991001879679707536 005 20020508183212.0 008 010704s1989 it ||| | ita 020 $a8834382374 035 $ab10926434-39ule_inst 035 $aPARLA150468$9ExL 040 $aDip.to Filosofia$bita 082 0 $a016.362733 100 1 $aIafrate, Raffaella$0246035 245 12$aL'adozione e l'affidamento familiare :$brassegna bibliografica ragionata /$cR. Iafrate, C. Marzotto, R. Rosnati 260 $aMilano :$bVita e pensiero,$c1989 300 $a150 p. ;$c24 cm. 490 0 $aQuaderni del Centro famiglia ;$v7 500 $aIn testa al front.: Università cattolica del Sacro cuore, Centro studi e ricerche sulla famiglia 650 4$aAdozione$xBibliografia 650 4$aAffidamento familiare$xBibliografia 700 1 $aMarzotto, Costanza 700 1 $aRosnati, Rori 907 $a.b10926434$b23-02-17$c28-06-02 912 $a991001879679707536 945 $aLE005IF XXXI H 17$g1$i2005000266997$lle005$o-$pE0.00$q-$rl$s- $t0$u2$v2$w2$x0$y.i11030847$z28-06-02 996 $aAdozione e l'affidamento familiare$9920202 997 $aUNISALENTO 998 $ale005$b01-01-01$cm$da $e-$fita$git $h2$i1 LEADER 01479nam2 22003011i 450 001 UON00292345 005 20240908122546.336 100 $a20070411f1971 |0itac50 ba 101 $aita 102 $aIT 105 $a|||| 1|||| 200 1 $a3: Dal Realismo alla Sperimentazione, 1820-1970. 2.: Dal fine secolo alla Sperimentazione, 1890-1970$fLadislao Mittner 205 $a2a ed 210 $aTorino$cEinaudi$d1971 215 $aXIV, 854-1941 p.$d21 cm. 410 1$1001UON00292349$12001 $aManuali di letteratura, filologia e linguistica$1210 $aTorino$cEinaudi$d19-$vI/3** 461 1$1001UON00299113$12001 $aStoria della letteratura tedesca$fLadislao Mittner$1210 $aTorino$cEinaudi$d1964-$1300 $aManuali di letteratura, filologia e linguistica$v3.2 606 $aLetteratura tedesca$xStoria$x1890-1970$3UONC063415$2FI 620 $aIT$dTorino$3UONL000014 676 $a830.09$cLetteratura tedesca. Storia, descrizione, studi critici$v21 700 1$aMITTNER$bLadislao$3UONV135260$036990 712 $aEinaudi$3UONV246211$4650 801 $aIT$bSOL$c20251003$gRICA 899 $aSIBA - SISTEMA BIBLIOTECARIO DI ATENEO$2UONSI 912 $aUON00292345 950 $aSIBA - SISTEMA BIBLIOTECARIO DI ATENEO$dSI S.C VI D 122 d $eSI LO 70254 7 122 d 996 $aDal Realismo alla Sperimentazione, 1820-1970. 2.: Dal fine secolo alla Sperimentazione, 1890-1970$91182659 997 $aUNIOR